David Copperfield / (Record no. 3371)

MARC details
000 -LEADER
fixed length control field 01144cam a22002653a 4500
001 - CONTROL NUMBER
control field 3371
003 - CONTROL NUMBER IDENTIFIER
control field FISKH
005 - DATE AND TIME OF LATEST TRANSACTION
control field 20240229140705.0
008 - FIXED-LENGTH DATA ELEMENTS--GENERAL INFORMATION
fixed length control field 120406s1888 xxu 000 0 eng
010 ## - LIBRARY OF CONGRESS CONTROL NUMBER
LC control number 2012657926
020 ## - INTERNATIONAL STANDARD BOOK NUMBER
International Standard Book Number 9781847497987
040 ## - CATALOGING SOURCE
Original cataloging agency DLC
Transcribing agency DLC
Language of cataloging eng
050 ## - LIBRARY OF CONGRESS CALL NUMBER
Classification number PR4558
082 ## - DEWEY DECIMAL CLASSIFICATION NUMBER
Classification number 823.8
100 ## - MAIN ENTRY--PERSONAL NAME
Personal name Dickens, Charles
245 00 - TITLE STATEMENT
Title David Copperfield /
Statement of responsibility, etc. Charles Dickens
250 ## - EDITION STATEMENT
Edition statement This edition 2019
260 ## - PUBLICATION, DISTRIBUTION, ETC.
Date of publication, distribution, etc. United Kingdom :
Place of publication, distribution, etc. Alma Book,
Name of publisher, distributor, etc. 1850.
300 ## - PHYSICAL DESCRIPTION
Extent 888 pages :
Dimensions 20 cm
520 ## - SUMMARY, ETC.
Summary, etc. David Copperfield is considered to be Charles Dickens's most autobiographical novel. He said of it: "Like many fond parents, I have in my heart of hearts a favourite child. And his name is David Copperfield." It is a Bildungsroman, a tale which follows the development into maturity of its narrator, David Copperfield. The Russian greats Tolstoy and Dostoyevsky both greatly admired the novel, as did Kafka, Joyce and James. Freud called it his favourite novel.
650 ## - SUBJECT ADDED ENTRY--TOPICAL TERM
Topical term or geographic name entry element British literature
Form subdivision Fiction
906 ## - LOCAL DATA ELEMENT F, LDF (RLIN)
a 7
b cbc
c orignew
d 2
e ncip
f 20
g y-genrareb
942 ## - ADDED ENTRY ELEMENTS (KOHA)
Source of classification or shelving scheme Dewey Decimal Classification
Koha item type Books
Suppress in OPAC No
Holdings
Withdrawn status Lost status Source of classification or shelving scheme Damaged status Not for loan Collection Home library Current library Shelving location Date acquired Total Checkouts Full call number Barcode Date last seen Price effective from Koha item type
    Dewey Decimal Classification     Fiction Footprints International School Library Network Toul Kork Campus Footprints International School Library Network Toul Kork Campus   02/29/2024   DIC Fic PR4558 FISSE04484 02/29/2024 02/29/2024 Books